Electromagnetic Fields in Biological Systems (Record no. 8059)
[ view plain ]
| 000 -LEADER | |
|---|---|
| fixed length control field | 00637nam a2200133Ia 4500 |
| 008 - FIXED-LENGTH DATA ELEMENTS--GENERAL INFORMATION | |
| fixed length control field | 220615s9999||||xx |||||||||||||| ||und|| |
| 100 ## - MAIN ENTRY--PERSONAL NAME | |
| Personal name | Lin, James C. |
| 245 #0 - TITLE STATEMENT | |
| Title | Electromagnetic Fields in Biological Systems |
| 546 ## - LANGUAGE NOTE | |
| Language note | English[eng] |
| 650 ## - SUBJECT ADDED ENTRY--TOPICAL TERM | |
| Topical term or geographic name entry element | Biomedical Engineering||Electromagnetics and Microwaves||Applied Physics||Biophysics||ENG||ElectricalEngineering||BIOSCIENCE||PHYSICS||SCI-TECH||BIOMEDICALSCIENCE||STM||diodes||electron||free||laser||med||phys||radiation||resonant||terahertz||tunneling |
| 700 ## - ADDED ENTRY--PERSONAL NAME | |
| Personal name | Gutierrez, Marc |
| 856 ## - ELECTRONIC LOCATION AND ACCESS | |
| Uniform Resource Identifier | <a href="https://library.oapen.org/bitstream/20.500.12657/41769/3/9781439859995.pdf">https://library.oapen.org/bitstream/20.500.12657/41769/3/9781439859995.pdf</a> |
| 942 ## - ADDED ENTRY ELEMENTS (KOHA) | |
| Koha item type | E-Books |
| Withdrawn status | Lost status | Damaged status | Not for loan | Home library | Current library | Date acquired | Total Checkouts | Date last seen | Price effective from | Koha item type |
|---|---|---|---|---|---|---|---|---|---|---|
| Kerala University of Digital Sciences, Innovation and Technology Knowledge Centre | Kerala University of Digital Sciences, Innovation and Technology Knowledge Centre | 15/06/2022 | 15/06/2022 | 15/06/2022 | E-Books |